Central Library OPAC University of Rajshahi

Memorials of Alfred Marshall / (Record no. 2056)

MARC details
000 -LEADER
fixed length control field 00999cam a22002652 4500
001 - CONTROL NUMBER
control field 2056
003 - CONTROL NUMBER IDENTIFIER
rucl marc code BD-RjUL
005 - DATE AND TIME OF LATEST TRANSACTION
control field 20211208233455.0
008 - FIXED-LENGTH DATA ELEMENTS--GENERAL INFORMATION
fixed length control field 131210s1956 nyuac b 001 0aeng d
035 ## - SYSTEM CONTROL NUMBER
System control number (BD-RjUL)2083
040 ## - CATALOGING SOURCE
Original cataloging agency DLC
Transcribing agency CarP
Modifying agency DLC
-- BD-RjUL
Language of cataloging eng
041 ## - LANGUAGE CODE
Language code of text/sound track or separate title eng
082 ## - DEWEY DECIMAL CLASSIFICATION NUMBER
Edition number 20
Classification number 330
Author mark and year MAM 1956
100 1# - MAIN ENTRY--PERSONAL NAME
Personal name Marshall, Alfred,
Dates associated with a name 1842-1924.
9 (RLIN) 6728
245 00 - TITLE STATEMENT
Title Memorials of Alfred Marshall /
Statement of responsibility, etc. edited by A.C. Pigou.
260 ## - PUBLICATION, DISTRIBUTION, ETC. (IMPRINT)
Place of publication, distribution, etc. New York,
Name of publisher, distributor, etc. Kelley & Millman,
Date of publication, distribution, etc. 1956.
300 ## - PHYSICAL DESCRIPTION
Pagination ix, 518 p.:
Illustrations ports., diagrs.;
Size 22 cm.
505 0# - FORMATTED CONTENTS NOTE
Formatted contents note In memoriam, by J.M. Keynes and others.--Selections from Alfred Marshall's writings.--Letters.--Marshall's 80th birthday.--Bibliographical list of the writings of Alfred Marshall, by K.M. Keynes (p. [505]-508)
600 ## - SUBJECT ADDED ENTRY--PERSONAL NAME
Dates associated with a name Marshall, Alfred -- (1842-1924).
650 #0 - SUBJECT ADDED ENTRY--TOPICAL TERM
Topical term or geographic name as entry element Economics.
9 (RLIN) 6729
700 1# - ADDED ENTRY--PERSONAL NAME
Personal name Pigou, A. C.
Fuller form of name (Arthur Cecil),
Dates associated with a name 1877-1959,
Relator term ed.
942 ## - ADDED ENTRY ELEMENTS (KOHA)
Source of classification or shelving scheme Dewey Decimal Classification
Koha item type Books
Holdings
Lost status Source of classification or shelving scheme Damaged status Not for loan Collection code Permanent Location Current Location Shelving location Date acquired Source of acquisition Cost, normal purchase price Total Checkouts Full call number Date last seen Copy number Koha item type
  Dewey Decimal Classification     Non-fiction Central Library, University of Rajshahi Central Library, University of Rajshahi   28/01/1963 Zeitlinger 63.00   330 MAM 1956 10/12/2013 C-2 Books
  Dewey Decimal Classification   Not For Loan Non-fiction Central Library, University of Rajshahi Central Library, University of Rajshahi Reading Room 28/01/1963 Zeitlinger 63.00   330 MAM 1956 17/12/2016 C-1 Books